Countries That Visit Iran the Most - Statistics

General Stats
  • This quiz has been taken 286 times
  • The average score is 14 of 20
Answer Stats
tourists country % Correct
1,240,000 Iraq
96%
498,000 Turkey
93%
274,000 Pakistan
89%
75,000 China
88%
79,000 India
86%
28,000 Russia
85%
764,000 Afghanistan
82%
20,000 Syria
76%
892,000 Azerbaijan
75%
21,000 Armenia
73%
74,000 Kuwait
68%
26,000 Oman
66%
58,000 Germany
64%
49,000 Lebanon
64%
46,000 France
62%
30,000 Georgia
59%
136,000 Turkmenistan
57%
91,000 Bahrain
49%
39,000 Italy
48%
20,000 Netherlands
19%
No matching quizzes found
Score Distribution
Percent of People with Each Score
Percentile by Number Answered
Your Score History
You have not taken this quiz